| 000 | 00674nam a2200229 a 4500 | ||
|---|---|---|---|
| 001 | BRCA_6348 | ||
| 005 | 20190321142920.0 | ||
| 008 | 160811s1907----gw-#######---#000-0#ger-# | ||
| 041 | _ager | ||
| 044 | _agw | ||
| 050 | 4 | _b.B43 1907 | |
| 100 | 1 |
_aBebel, Heinrich _d1472-1518. _915915 |
|
| 245 | 1 | 0 |
_aHeinrich Bebels Schwänke _cZum Ersten Male in vollständiger Übertragung herausgegeben von Albert Wesselski. |
| 260 |
_aMúnich ; Leipzig _bGeorg Müller _c1907 |
||
| 300 |
_a2 v. _c21 cm. |
||
| 500 | _aCcontiene índice de alfabético | ||
| 500 | _aK125 | ||
| 650 | 1 | 4 |
_aHumor alemán _915916 |
| 700 | 1 |
_aWesselski, Albert _915917 |
|
| 902 | _aGFM | ||
| 942 |
_2lcc _cB |
||
| 999 |
_c6034 _d6034 |
||